Kabale University Library Catalogue

Normal view MARC view
  • St. Andrews Conference on New Testament Interpretation and the Social Sciences

Entry Meeting Name

Number of records used in: 1

001 - CONTROL NUMBER

  • control field: 4522

003 - CONTROL NUMBER IDENTIFIER

  • control field: OSt

005 - DATE AND TIME OF LATEST TRANSACTION

  • control field: 20200814100315.0

008 - FIXED-LENGTH DATA ELEMENTS

  • fixed length control field: 200814|| aca||aabn | a|a d

040 ## - CATALOGING SOURCE

  • Original cataloging agency: OSt
  • Transcribing agency: OSt

111 ## - HEADING--MEETING NAME

  • Meeting name or jurisdiction name as entry element: St. Andrews Conference on New Testament Interpretation and the Social Sciences
  • Date of meeting or treaty signing: (1994)

670 ## - SOURCE DATA FOUND

  • Source citation: Work cat.: (OSt)0: Modelling Early Christianity :, 1995.

Kabale University Library | Kabale University P.O Box 317, Kabale, Uganda
Tel : +256754017033, +256774661503 E-mail : library@kab.ac.ug